| 000 | 00448cam a2200157ua 4500 | ||
|---|---|---|---|
| 041 |
_aeng _h |
||
| 082 |
_a828.09 _bGAR/GE |
||
| 100 | _aGardner, W H . | ||
| 245 |
_aGerard Manley Hopkins: A study of poetic idiosyncrasy in relation to poetic tradition / _cW H Gardner. _hTextual Documents |
||
| 250 |
_a1 / _b. |
||
| 260 |
_aLondon : _bOxford University Press , _c1966. |
||
| 300 | _a415 ; . | ||
| 504 | _a | ||
| 942 | _cBK | ||
| 999 |
_c4031 _d4031 |
||